| 000 -LEADER |
| fixed length control field |
00732nam a2200229Ia 4500 |
| 001 - CONTROL NUMBER |
| control field |
17123 |
| 003 - CONTROL NUMBER IDENTIFIER |
| control field |
GE_BSU |
| 008 - FIXED-LENGTH DATA ELEMENTS--GENERAL INFORMATION |
| fixed length control field |
181216s||||||||xx |||||||||||||| ||und|| |
| 040 ## - CATALOGING SOURCE |
| Transcribing agency |
GE_BSU |
| 080 ## - UNIVERSAL DECIMAL CLASSIFICATION NUMBER |
| Universal Decimal Classification number |
821.353.1-1 + 821.353.1-32 |
| 100 ## - MAIN ENTRY--PERSONAL NAME |
| Personal name |
გრანელი, ტერენტი (1897-1934) |
| 245 ## - TITLE STATEMENT |
| Title |
რჩეული |
| 245 ## - TITLE STATEMENT |
| Remainder of title |
ლექსები, მინიატურები |
| 245 ## - TITLE STATEMENT |
| Statement of responsibility, etc. |
რედ.კ.ბობოხიძე |
| 260 ## - PUBLICATION, DISTRIBUTION, ETC. |
| Place of publication, distribution, etc. |
თბილისი |
| 260 ## - PUBLICATION, DISTRIBUTION, ETC. |
| Name of publisher, distributor, etc. |
საბჭ. საქართველო |
| 260 ## - PUBLICATION, DISTRIBUTION, ETC. |
| Date of publication, distribution, etc. |
1961 |
| 300 ## - PHYSICAL DESCRIPTION |
| Extent |
270გვ. ; 17სმ |
| 653 ## - INDEX TERM--UNCONTROLLED |
| Uncontrolled term |
ლექსები, მინიატურები |
| 653 ## - INDEX TERM--UNCONTROLLED |
| Uncontrolled term |
რჩეული |
| 942 ## - ADDED ENTRY ELEMENTS (KOHA) |
| Koha item type |
წიგნი |